Statistiques concernant top 20 des villes avec le plus de millionaires

Cliquez ici pour prendre le quiz!

Statistiques générales

  • Ce quiz a été pris 213 fois
  • Le résultat moyen est 11 sur 20

Statistiques - réponses

RangNombre de millionairesVille% Correct
2088 600Paris
99%
1345 600New York
97%
6192 400Los Angeles
88%
4272 400Londres
86%
2304 900Tokyo
85%
9131 500Pékin
79%
10130 100Shanghai
59%
11129 500Sydney
53%
5249 800Singapour
48%
7160 100Chicago
46%
12125 100Hong Kong
43%
3276 400San Francisco
43%
16102 100Séoul
40%
1990 300Genève
39%
14116 100Toronto
36%
15105 100Zurich
36%
1892 300Dallas
24%
8132 600Houston
21%
1797 300Melbourne
21%
13117 400Francfort
14%

Distribution des résultats

Percentile par nombre de réponses

% des personnes avec chaque résultat

Votre développement - résultats

Vous n’avez pas pris ce quiz